The story of the Pakistan Army (Record no. 551471)
[ view plain ]
| 000 -LEADER | |
|---|---|
| fixed length control field | 00414cam a22001331 4500 |
| 082 ## - DEWEY DECIMAL CLASSIFICATION NUMBER | |
| Classification number | 355.0095491 |
| Author Mark | KHA |
| -- | L-28, P-44 |
| 100 1# - MAIN ENTRY--PERSONAL NAME | |
| Personal name | Khan, Fazal Muqeem. |
| 9 (RLIN) | 48597 |
| 245 14 - TITLE STATEMENT | |
| Title | The story of the Pakistan Army |
| 260 ## - PUBLICATION, DISTRIBUTION, ETC. | |
| Place of publication, distribution, etc. | Karachi, |
| Name of publisher, distributor, etc. | Pakistan Branch, Oxford University Press, |
| Date of publication, distribution, etc. | 1963. |
| 300 ## - PHYSICAL DESCRIPTION | |
| Extent | x, 250 p. |
| Other physical details | illus. |
| Dimensions | 23 cm. |
| 500 ## - GENERAL NOTE | |
| General note | Includes index. |
| 526 ## - STUDY PROGRAM INFORMATION NOTE | |
| Program name | 0 |
| Interest level | 0 |
| Reading level | 0 |
| Title point value | 355_009549100000000_KHA |
| 942 ## - ADDED ENTRY ELEMENTS (KOHA) | |
| Source of classification or shelving scheme | |
| Koha item type | Book |
| Withdrawn status | Lost status | Source of classification or shelving scheme | Damaged status | Not for loan | Permanent Location | Current Location | Date acquired | Total Checkouts | Full call number | Barcode | Date last seen | Price effective from | Koha item type |
|---|---|---|---|---|---|---|---|---|---|---|---|---|---|
| Military College of Engineering (MCE) | Military College of Engineering (MCE) | 12/15/2014 | 355.0095491 KHA | MCE-1909 | 12/15/2014 | 12/15/2014 | Book |
